00427nam a2200169Ia 4500003000400000005001700004008004100021020001800062040000700080041000800087082001900095100002200114245004700136260004500183300001600228365001300244OSt20230418100029.0210423s2012 xx 000 0 und d a9788131758908 cAL aeng a515 223bICFA aICFAI UNIVERSITY. aCalculus: differentiation and integration. aChennaibPearson Education Pvt Ltdc2012 ax,17-37bPB b350cINR